| 000 | 00695nam a2200217Ii 4500 | ||
|---|---|---|---|
| 003 | JO-AjNU | ||
| 008 | 230605s9999||||xx |||||||||||||| ||und|| | ||
| 017 | _a2008/5/1398 | ||
| 040 |
_aJO-AjNU _bara _erda _cJO-AjNU |
||
| 041 | _aara | ||
| 050 | 1 | 4 | _aBF441.Z39.2009 |
| 100 | 3 |
_aزايد،فهد خليل, _eauthor _911760 |
|
| 245 | 0 | 0 | _aالتفكير بطرق مختلفة |
| 250 | _aط1 | ||
| 264 | 3 | 1 | _aعمان:دار النفائس للنشر والتوزيع ، 2009 |
| 300 | _a239ص | ||
| 336 |
_atext _btxt _2rdacontent |
||
| 337 |
_aunmediated _bn _2rdamedia |
||
| 338 |
_avolume _bnc _2rdacarrier |
||
| 650 | 4 |
_aالتفكير-الذاكرة-التفكير الابتكاري _911761 |
|
| 999 |
_aA2490 _c6058 _d6058 |
||